Statistiques concernant Prénoms des compositeurs n°2

Cliquez ici pour prendre le quiz!

Statistiques générales

  • Ce quiz a été pris 103 fois
  • Le résultat moyen est 9 sur 15

Statistiques - réponses

PrénomNom de famille% Correct
Wolfgang AmadeusMozart
93%
AntonioVivaldi
87%
RichardWagner
85%
CamilleSaint-Saëns
78%
RobertSchumann
75%
GustavMahler
70%
GeorgeGershwin
69%
JohannesBrahms
66%
JosephHaydn
62%
AntonínDvořák
48%
SergueïRachmaninov
46%
DmitriChostakovitch
42%
PhilipGlass
42%
ModesteMoussorgski
41%
RaviShankar
38%

Distribution des résultats

Percentile par nombre de réponses

% des personnes avec chaque résultat

Votre développement - résultats

Vous n’avez pas pris ce quiz